War of the Worlds Trivia - Statistics

General Stats
  • This quiz has been taken 3 times
  • The average score is 9 of 16
Answer Stats
Hint Answer % Correct
Number of Cylinders launched from Mars in the original Novel 10
100%
Fuel source of the Martians Blood
100%
The chances of anything coming from Mars are a Million to one... but still, they come
100%
Composer who made the 1978 musical adaptation Jeff Wayne
100%
Name of the ironclad that destroyed 2 Tripods Thunderchild
100%
What defeated the Martians Bacteria
67%
Chemical weapon deployed by the Martians Black Smoke
67%
Rapper that starred in the 2025 direct-to-video adaptation Ice Cube
67%
Name of the Astromoner that first observed the Martian Cylinders Ogilvy
67%
Director of the 2005 movie adaptation Steven Spielberg
67%
Often forgotten machine used by the Martians to travel in the sky Flying Machine
33%
Creator of the 1938 Radio adaptation Orson Wells
33%
Town where the Martian invasion begins Woking
33%
Sub-genre of Science Fiction that the Novel first popularised Alien Invasion
0%
Name of the Aliens in the 1953 Movie adaptation and it's TV show Mor-Taxan
0%
2013 Mock-umentery adaptation by the History Channel The Great Martian War
0%
No matching quizzes found
Score Distribution
Percent of People with Each Score
Percentile by Number Answered
Your Score History
You have not taken this quiz